01148nac a22003131u 4500003000900000005001700009008004100026020001800067020001500085040004300100082001700143245010100160264006300261300005300324336002600377337002800403338002700431504004100458650003500499650002900534651001000563653001100573655002400584700003400608700002600642942001200668999001500680952013900695EG-ScBUE20220829093325.0200219s2006 vraa f b 000 0 eng d a9781864702514 a1864702516 aEG-ScBUEbengerdacEG-ScBUEdEG-ScBUE04a712bART22204aThe art of survival :brecovering landscape architecture /cKongjian Yu and Mary Padua (editors) 1aVictoria, Australia :bThe Images Publishing Group,c2006. a192 pages :billustrations (some color) ;c25 cm 2rdacontentatextbtxt 2rdamediaaunmediatedbn 2rdacarrieravolumebnc aIncludes bibliographical references. 7aLandscape architecture.2BUEsh 7aLandscape design.2BUEsh 2BUEsh bENGARC vReading book9342321 aYu, Kongjian,eeditor.9392801 aPadua, Mary,eeditor. cBB2ddc c8603d8603 00102ddc40708BaccahaMAINbMAINc2NDd2016-03-08ePurchasel4o712 ARTp000010552r2025-07-15 00:00:00s2024-02-12w2008-03-16yBB